Coote`s treatise on the law of mortgages (Record no. 85921)

MARC details
000 -LEADER
fixed length control field 00487cam a2200193 4500
001 - CONTROL NUMBER
control field D12469
008 - FIXED-LENGTH DATA ELEMENTS--GENERAL INFORMATION
fixed length control field 090401t1927 xxu||||| |||| 00| 0 eng d
035 ## - SYSTEM CONTROL NUMBER
System control number (Sirsi) u3690
041 ## - LANGUAGE CODE
Language code of text/sound track or separate title eng
100 ## - MAIN ENTRY--PERSONAL NAME
Personal name Ramsbotham, Ralph Leigh
245 ## - TITLE STATEMENT
Title Coote`s treatise on the law of mortgages
250 ## - EDITION STATEMENT
Edition statement 9th
260 ## - PUBLICATION, DISTRIBUTION, ETC.
Place of publication, distribution, etc. London
Name of publisher, distributor, etc. Stevens & Sons / Sweet & Maxwell
Date of publication, distribution, etc. 1927
350 ## - PRICE (NR) (BK AM CF MU VM SE) [OBSOLETE]
Price 0
520 ## - SUMMARY, ETC.
Summary, etc. Shelf 178 ; Vol. I - II
710 ## - ADDED ENTRY--CORPORATE NAME
Corporate name or jurisdiction name as entry element COOTE
9 (RLIN) 443
942 ## - ADDED ENTRY ELEMENTS (KOHA)
Suppress in OPAC 0
948 ## - LOCAL PROCESSING INFORMATION (OCLC); SERIES PART DESIGNATOR (RLIN)
c (OCLC) 04/03/1997
Holdings
Withdrawn status Lost status Source of classification or shelving scheme Damaged status Not for loan Home library Current library Shelving location Date acquired Total Checkouts Full call number Barcode Date last seen Copy number Price effective from Koha item type
    Other/Generic Classification Scheme     London London Basement 14/09/1999   SHELF 178 30014254 06/08/2019 1 06/08/2019 Reference material
    Other/Generic Classification Scheme     London London Basement 13/08/1991   SHELF 178 30014255 06/08/2019 2 06/08/2019 Reference material